Responses for show #1951 - Monday, February 15, 1993

1993 Teen Tournament quarterfinal game 1.

Contestants

Carrie Pruett, a senior from Goochland, Virginia

Brent Keeling, a senior from Pewee Valley, Kentucky

Jessi Gile, a junior from Eau Claire, Wisconsin

Jeopardy! Round responses

ZOOLOGY
SOAP OPERAS
LANGUAGES
THE CIVIL WAR
COLLEGE STUFF
LETTER PERFECT
    $100 14
hump

Jessi
    $100 11
Melrose Place

Carrie
    $100 18
(Carrie: What is Nice?)

Paris

BrentCarrie
    $100 5
U.S. Grant

Brent
    $100 12
fraternity

Jessi
    $100 1
T

Jessi
    $200 19
lizards

Brent
    $200 13
General Hospital

Brent
    $200 27
(Brent: What is Greek?)

Italian

JessiBrent
    $200 6
Richmond

Jessi
    $200 23
U.S.C.

Carrie
    $200 2
X

Jessi
    $300 20
fur

Triple Stumper
    $300 15
The Young and the Restless

Jessi
    $300 28
Africa

Jessi
    $300 8
Medal of Honor

Triple Stumper
    $300 24
Princeton

Carrie
    $300 3
D

Jessi
    $400 21
fish

Brent
    $400 16
All My Children

Triple Stumper
    $400 29
Hebrew

Carrie
    $700 9
Bull Run (First Manassas)

Brent
    $400 25
brown

Brent
    $400 4
O

Brent
    $500 22
primate

Carrie
    $500 17
Another World

Jessi
    $500 30
Spanish

Brent
    $500 10
(Grover) Cleveland

Jessi
    $500 26
John Adams

Carrie
    $500 7
K

Brent

Scores at the first commercial break (after clue 14):

Jessi Brent Carrie
$1,500 $1,900 $100

Scores at the end of the Jeopardy! Round:

Jessi Brent Carrie
$2,800 $3,300 $1,900

Double Jeopardy! Round responses

ANCIENT GREEKS
TRANSPORTATION
NOBEL PRIZE WINNERS
FLOWERS & TREES
PERU
MISC.
    $200 1
past

Brent
    $200 2
Panama

Carrie
    $200 18
Steinbeck

Jessi
    $200 14
water lilies

Jessi
    $200 11
soccer

Carrie
    $200 12
kind of canoe (boat used by Eskimos)

Carrie
    $400 7
(Jessi: Who is Socrates?)

Plato

JessiCarrie
    $400 3
(Brent: What is Honda?)

Toyota

BrentCarrie
    $400 19
economics

Carrie
    $400 15
(Brent: What are conifers?)
(Alex: Be more specific.)
(Brent: What are coniferous trees?)
(Jessi: What are evergreens?)

pine tree

JessiBrent
Triple Stumper
    $400 27
(Alex: [*], yes bird droppings.)

fertilizer

Brent
    $400 13
Fleming

Jessi
    $600 8
Hippocrates

Carrie
    $600 4
Indiana

Carrie
    $600 22
Pavlov

Jessi
    $600 16
kill them

Carrie
    $600 30
Lake Titicaca

Brent
    $600 17
Ken Griffey Jr.

Jessi
    $800 9
Ajax

Carrie
    $1,000 5
Pony Express

Carrie
    $2,800 23
(Jessi: What is neptunium?)

plutonium

Jessi
    $800 26
Forsythia

Carrie
    $800 29
[NOTE: Jessi's score display went from $400 to $1300 after this correct response, and the error was not corrected at any point in the remainder of the game.]

Machu Picchu

Jessi
    $800 20
(Brent: What is the longest flight?)
(Jessi: What is the longest neck?)

longest (widest) wing span

JessiBrentCarrie
    $1000 10
Archimedes

Brent
    $1000 6
Trans-Canada Highway

Triple Stumper
    $1000 24
Willy Brandt

Triple Stumper
    $1000 25
spruce

Carrie
    $1000 28
Fujimori

Brent
    $1000 21
Galahad

Carrie

Scores at the end of the Double Jeopardy! Round:

Jessi Brent Carrie
$1,200 $4,900 $10,900
(lock game)

Final Jeopardy! Round responses

FLAGS
[NOTE: Jessi's score before Final Jeopardy! should have been $1,200, but it was incorrectly displayed as $1,300. Her $1,200 wager left her with $100, but it ought to have been $0.]
JessiWho is Secretary of the Navy? [smiley face drawn]
$1,200
BrentWho is the Sec. of the Navy?
$4,000
CarrieWho is the Secretary of Health & Human Services
$100
Surgeon General of the United States

Final scores:

Jessi Brent Carrie
$0 $900 $10,800
3rd place: $1,000 if eliminated 2nd place: $1,000 if eliminated Automatic semifinalist

Game dynamics:

Coryat scores:

Jessi Brent Carrie
$4,000 $4,600 $10,700
17 R,
4 W
(including 1 DD)
15 R
(including 1 DD),
4 W
21 R
(including 1 DD),
1 W

Combined Coryat: $19,300

The J! Archive is created by fans, for fans. The Jeopardy! game show and all elements thereof, including but not limited to copyright and trademark thereto, are the property of Jeopardy Productions, Inc. and are protected under law. This website is not affiliated with, sponsored by, or operated by Jeopardy Productions, Inc. Join the discussion at JBoard.tv.